Europe in Figures discover the economic and social aspects of the EU
Salvato in:
| Natura: | Libro |
|---|---|
| Lingua: | multilingua |
| Pubblicazione: |
Luxembourg
Office for Official Publications of the European Communities
2000
|
| Serie: | Panorama of the European Union
|
| Soggetti: | |
| Tags: |
Nessun Tag, puoi essere il primo ad aggiungerne!!
|
MARC
| LEADER | 00000nlm a2200000 4500 | ||
|---|---|---|---|
| 001 | c130110 | ||
| 005 | 20251216074202.7 | ||
| 020 | |a 92-828-6507-X | ||
| 041 | 0 | |a mul | |
| 044 | |a LU | ||
| 245 | 1 | 0 | |a Europe in Figures |b discover the economic and social aspects of the EU |
| 264 | 1 | |a Luxembourg |b Office for Official Publications of the European Communities |c 2000 | |
| 300 | |a 1 CD-ROM | ||
| 490 | 1 | |a Panorama of the European Union | |
| 830 | 0 | |a Panorama of the European Union | |
| 610 | 2 | 0 | |a Európa |
| 610 | 2 | 0 | |a Európska únia |
| 610 | 2 | 0 | |a situácia hospodárska |
| 610 | 2 | 0 | |a politika hospodárska |
| 610 | 2 | 0 | |a politika sociálna |
| 610 | 2 | 0 | |a integrácia ekonomická medzinárodná |